Tyrannosaur Canyon / (Record no. 589216)

000 -LEADER
fixed length control field 00536cam a2200193 a 4500
020 ## - INTERNATIONAL STANDARD BOOK NUMBER
International Standard Book Number 0765311046 (alk. paper)
082 00 - DEWEY DECIMAL CLASSIFICATION NUMBER
Classification number 813/.54
100 1# - MAIN ENTRY--PERSONAL NAME
Personal name Preston, Douglas J.
245 10 - TITLE STATEMENT
Title Tyrannosaur Canyon /
Statement of responsibility, etc. Douglas Preston.
250 ## - EDITION STATEMENT
Edition statement 1st ed.
260 ## - PUBLICATION, DISTRIBUTION, ETC.
Place of publication, distribution, etc. New York :
Name of publisher, distributor, etc. Forge,
Date of publication, distribution, etc. 2005.
300 ## - PHYSICAL DESCRIPTION
Extent 365 p. ;
Dimensions 24 cm.
563 ## - BINDING INFORMATION
Binding note H.B
942 ## - ADDED ENTRY ELEMENTS (KOHA)
Source of classification or shelving scheme
Koha item type Book
Holdings
Withdrawn status Lost status Source of classification or shelving scheme Damaged status Not for loan Permanent Location Current Location Date acquired Total Checkouts Full call number Barcode Date last seen Date last checked out Price effective from Koha item type
          Central Library (CL) Central Library (CL) 04/19/2022 1 813.54 PRE CL-D-1670 02/03/2023 06/14/2022 04/19/2022 Book
© 2023 Central Library, National University of Sciences and Technology. All Rights Reserved.